The Only U.S. State ... (with a Map) - Statistics

General Stats
  • This quiz has been taken 63 times
  • The average score is 26 of 50
Answers on the Map
Answers color-coded by a green-red scale on the quiz's map according to % correct below.
 
Answer Stats
Answer % Correct
In Oceania Hawaii
96%
Bordering exactly one other state Maine
96%
Named after a president Washington
96%
With the same name as a country Georgia
94%
With a "Z" in its name Arizona
86%
That begins with the letter "R" Rhode Island
86%
With coastline on four of the five Great Lakes Michigan
84%
That is triple landlocked Nebraska
84%
Over 600,000 mi² Alaska
82%
With coastline on both the Atlantic Ocean and Gulf of Mexico Florida
82%
With fewer than 600k residents Wyoming
80%
In New England, with part of the New York metropolitan area Connecticut
78%
Entirely above one kilometer in elevation Colorado
76%
Where prostitution is legal Nevada
76%
Where county-equivalents are called "parishes" Louisiana
74%
That was one of the original thirteen colonies, but doesn't have coastline on the Atlantic Pennsylvania
74%
Without any cities over 45,000 people Vermont
74%
That isn't an island state, but most residents live on islands New York
70%
With over 200 counties Texas
70%
In the midwest, that is six letters long Kansas
64%
Where it's illegal to pump your own gasoline New Jersey
62%
With a city called Waukegan Illinois
52%
With a non-rectangular flag Ohio
52%
To have seceded from a Confederate state West Virginia
52%
That has voted for the democratic candidate in every presidential election since 1976 Minnesota
50%
With both its eastern and western borders fully formed by rivers Iowa
48%
With a cave system exceeding 400 mi Kentucky
46%
With a diamond field Arkansas
38%
With an extinct animal on its flag California
38%
Constitutionally mandated to teach Native American history Montana
36%
With a two-sided flag Oregon
36%
Whose capital does not share any letters with the state's name South Dakota
34%
With a demonym that doesn't correlate with the state's name Indiana
32%
To vote McGovern in the 1972 presidential election Massachusetts
32%
That does not require seatbelts for adults New Hampshire
32%
With a circular northern border Delaware
30%
With two main Federal Reserve Banks Missouri
30%
Imposing a maximum blood alcohol content of 0.05% for drivers Utah
30%
With zero natural lakes Maryland
26%
Where drivers can legally drink beer while driving Mississippi
24%
In the south, with legislation protecting IVF and birth control access Tennessee
24%
Where governors are prohibited from serving consecutive terms Virginia
24%
With all major natural resources to make steel Alabama
22%
That specifies "USA" on its license plates New Mexico
22%
That does not require voter registration North Dakota
22%
That has officially declared cannibalism illegal Idaho
20%
With an official state toast North Carolina
20%
That doesn't recognize Veterans Day as a state holiday Wisconsin
20%
With an official state meal (distinct from state food) Oklahoma
16%
With a large-scale commercial tea plantation South Carolina
16%
No matching quizzes found
Score Distribution
Percent of People with Each Score
Percentile by Number Answered
Your Score History
You have not taken this quiz